| 000 | 01066nam a22003497a 4500 | ||
|---|---|---|---|
| 001 | 000447 | ||
| 003 | DO-SdBNP | ||
| 005 | 20171110131720.0 | ||
| 007 | 000447 | ||
| 008 | 160830b 2001 ck ||||| |||| 00| 0 spa d | ||
| 020 | _a8430604324 | ||
| 040 |
_aBPMSU _bspa _cBPMSU |
||
| 082 | 4 |
_a709.04 _bC169a |
|
| 100 | 1 |
_aCalvo Serraller, Francisco, _d1948- |
|
| 245 | 1 | 0 |
_aEl arte contemporáneo / _cFrancisco Calvo Serraller. |
| 260 |
_a[Madrid] : _bTaurus, _c2001. |
||
| 300 |
_a373 p. : _bil. ; _c25 cm. |
||
| 490 | 1 | _aPensamiento | |
| 500 | _aIncluyes datos biográfico del autor en la solapa de la cubierta. | ||
| 650 | 4 | _aARTE CONTEMPORANERO | |
| 650 | 4 |
_aPINTURA _ySIGLO XX |
|
| 650 | 4 | _aREALISMO EN EL ARTE | |
| 650 | 4 | _aIMPRESIONISMO (ARTE) | |
| 650 | 4 |
_aARQUITECTURA _ySIGLO XX |
|
| 650 | 4 |
_aARTE ESPAÑOL _ySIGLO XX |
|
| 650 | 4 | _aESCULTURA MODERNA | |
| 830 | 0 | _aPensamiento | |
| 910 | _aValidado. Control de calidad MFF | ||
| 942 |
_2ddc _cBK |
||
| 945 | _aInventariado extranjero / 2017 VM | ||
| 956 |
_2LOPEREZ _310 _620160830 _8BPMSU _a00041 |
||
| 999 |
_c11230 _d11230 |
||